Investment Appraisal Methods and Models /

में बचाया:
ग्रंथसूची विवरण
मुख्य लेखक: Gtze, Uwe
निगमित लेखक: SpringerLink (Online service)
अन्य लेखक: Northcott, Deryl, Schuster, Peter
स्वरूप: इलेक्ट्रोनिक ई-पुस्तक
भाषा:अंग्रेज़ी
प्रकाशित: Berlin, Heidelberg : Springer Berlin Heidelberg, 2008.
विषय:
ऑनलाइन पहुंच:http://dx.doi.org/10.1007/978-3-540-39969-8
टैग: टैग जोड़ें
कोई टैग नहीं, इस रिकॉर्ड को टैग करने वाले पहले व्यक्ति बनें!

MARC

LEADER 00000nam a22000005i 4500
001 0000053071
005 20171002052734.0
007 cr nn 008mamaa
008 100301s2008 gw | s |||| 0|eng d
020 |a 9783540399698  |9 978-3-540-39969-8 
024 7 |a 10.1007/978-3-540-39969-8  |2 doi 
035 |a 0000003157 
035 |a (DE-He213)978-3-540-39969-8 
050 4 |a HG4501-6051  |a HG1-9999 
072 7 |a KFF  |2 bicssc 
072 7 |a KFFK  |2 bicssc 
072 7 |a BUS027000  |2 bisacsh 
072 7 |a BUS004000  |2 bisacsh 
082 0 4 |a 657.8333  |2 23 
082 0 4 |a 658.152  |2 23 
100 1 |a Gtze, Uwe. 
245 1 0 |a Investment Appraisal  |h [electronic resource] :  |b Methods and Models /  |c by Uwe Gtze, Deryl Northcott, Peter Schuster. 
260 |a Berlin, Heidelberg :  |b Springer Berlin Heidelberg,  |c 2008. 
300 |b digital. 
650 0 |a Economics. 
650 0 |a Auditing. 
650 0 |a Banks and banking. 
650 1 4 |a Economics/Management Science. 
650 2 4 |a Finance /Banking. 
650 2 4 |a Accounting/Auditing. 
700 1 |a Northcott, Deryl. 
700 1 |a Schuster, Peter. 
710 2 |a SpringerLink (Online service) 
773 0 |t Springer eBooks 
776 0 8 |i Printed edition:  |z 9783540399681 
856 4 0 |u http://dx.doi.org/10.1007/978-3-540-39969-8 
908 |a 121203 
912 |a ZDB-2-SBE 
942 0 0 |c EB 
950 |a Business and Economics (Springer-11643) 
999 |c 46207  |d 46207